Els Carrers del Poble Nou : nomenclàtor, estudi toponímic nomenclàtor, estudi toponímic
Publicado:
Barcelona :
Arxiu Històric del Poble Nou : Arxiu Històric de Sant Martí de Provençals : amb la col·laboració de Caixa de Barcelona. Obra Social ,
1982
Descripción Física:
47 p. : il. ; 20,5 cm
MARC
| LEADER | 00000nam a2200000Ia 4500 | ||
|---|---|---|---|
| 001 | 10367 | ||
| 003 | BGR | ||
| 005 | 20260324175420.0 | ||
| 008 | 160829s1982 xx 000 0 cat d | ||
| 080 | |a FU-15-28 | ||
| 245 | |a Els Carrers del Poble Nou : |b nomenclàtor, estudi toponímic | ||
| 260 | |a Barcelona : |b Arxiu Històric del Poble Nou : |b Arxiu Històric de Sant Martí de Provençals : |b amb la col·laboració de Caixa de Barcelona. Obra Social, |c 1982 | ||
| 300 | |a 47 p. : |b il. ; |c 20,5 cm | ||
| 650 | |a Poblenou (Barcelona) |9 32672 | ||
| 650 | |a Carrers |x Noms |x Barcelona |9 29816 | ||
| 710 | 2 | |a Caixa de Barcelona. |b Obra Social |9 54856 | |
| 710 | 1 | |a Arxiu Històric del Poble Nou |9 70451 | |
| 710 | 2 | |a Arxiu Municipal de Barcelona |9 55021 | |
| 901 | |a Arxiu | ||
| 942 | |n 1 |2 udc |c MON | ||
| 952 | |0 0 |1 0 |4 0 |6 FU1528 |7 1 |9 46067 |a Arxiu |b Arxiu |d 2016-12-01 |l 0 |o FU-15-28 |p 10367 |r 2016-12-01 00:00:00 |w 2016-12-01 |y ARXIU | ||
| 999 | |c 49569 |d 49569 | ||